Cartoon Intro Lyrics or Narration Quiz Stats

 Plays Quiz Updated Dec 3, 2018

     
Support Sporcle.
Go Orange.
Score 0/35 Timer 06:00
1 Play Today
% Correct
SpongeBob SquarePants
91.9%
The Flintstones
91.8%
The Jetsons
84.4%
Pinky & the Brain
83.7%
Powerpuff Girls
79.5%
Kim Possible
79.5%
Scooby-Doo, Where Are You?
77.7%
Top Cat
77.4%
The Magilla Gorilla Show
75%
Count Duckula
74.7%
Duck Tales
73.3%
Captain Planet and the Planeteers
71%
Avatar: The Last Airbender
69.9%
South Park
64.2%
Sonic the Hedgehog
60.8%
Super Friends
59.7%
The Transformers
56.9%
Phineas and Ferb
55.6%
% Correct
Josie and the Pussycats
52.1%
Schoolhouse Rock!
51.1%
Danger Mouse
50%
Johnny Test
48.5%
Camp Candy
46.6%
Teen Titans
42.4%
Metalocalypse
39.1%
Freakazoid!
33.6%
Gargoyles
33.1%
Chip 'n Dale Rescue Rangers
32%
Alvin and the Chipmunks
28.4%
The Funky Phantom
27.2%
Fat Albert and the Cosby Kids
25.5%
Adventures of the Gummi Bears
24.3%
Muppet Babies
23.1%
Chowder
19.8%
Stickin' Around
7.8%

From the Vault

Fictional Fiction

by salifou

If you meet someone who claims to have read any of these books, be sure to check your wallet.
Remove Ads.
Support Sporcle.
Get the best of Sporcle when you Go Orange. This ad-free experience offers more features, more stats, and more fun while also helping to support Sporcle. Thank you for becoming a member.

Show Comments

Extras

Top Quizzes Today


Score Distribution

Your Account Isn't Verified!

In order to create a playlist on Sporcle, you need to verify the email address you used during registration. Go to your Sporcle Settings to finish the process.

Report this User

Report this user for behavior that violates our Community Guidelines.

Details: